[Event "Hilversum op"]
[Site "Hilversum"]
[Date "2025.06.20"]
[Round "2"]
[White "Duson, Robin"]
[Black "Labruyere, Roger"]
[Result "0-1"]
[WhiteElo "2141"]
[BlackElo "2276"]
[PlyCount "64"]
[EventDate "2025.06.20"]
[EventType "swiss"]
[EventRounds "6"]
[EventCountry "NED"]
[SourceTitle "CB26_2025"]
[SourceDate "2025.06.25"]
[SourceVersion "1"]
[SourceVersionDate "2025.06.25"]
[SourceQuality "1"]

1. d4 Nf6 2. c4 e6 3. Nc3 d5 4. cxd5 exd5 5. Bg5 c6 6. e3 Be7 7. Bd3 0-0 8. Nge2 Nh5 9. Bxe7 Qxe7 10. 0-0 Nd7 11. Qc2 g6 12. Rae1 Ndf6 13. Nc1 a5 14. a3 Ng7 15. f3 Qd6 16. Kh1 b6 17. Qf2 c5 18. e4 dxe4 19. Nxe4 Nxe4 20. Bxe4 Rb8 21. dxc5 bxc5 22. Rd1 Qb6 23. Rd2 Ba6 24. Rfd1 Ne6 25. Na2 Bc4 26. Nc3 Bb3 27. Bc2 Bxc2 28. Rxc2 Rfd8 29. Nd5 Nf4 30. Qxc5 Rxd5 31. Rxd5 Nxd5 32. Qxd5 Rd8 0-1

[Event "Hilversum op"]
[Site "Hilversum"]
[Date "2025.06.20"]
[Round "1"]
[White "Labruyere, Roger"]
[Black "Van der Lubben, Arno"]
[Result "1-0"]
[WhiteElo "2276"]
[BlackElo "2028"]
[PlyCount "116"]
[EventDate "2025.06.20"]
[EventType "swiss"]
[EventRounds "6"]
[EventCountry "NED"]
[SourceTitle "CB26_2025"]
[SourceDate "2025.06.25"]
[SourceVersion "1"]
[SourceVersionDate "2025.06.25"]
[SourceQuality "1"]

1. e4 e5 2. Nf3 Nc6 3. Bb5 a6 4. Ba4 Nf6 5. 0-0 Be7 6. d3 b5 7. Bb3 d6 8. c3 0-0 9. Re1 h6 10. Nbd2 Re8 11. Nf1 Bf8 12. a4 Rb8 13. axb5 axb5 14. Ng3 Be6 15. Bc2 d5 16. Ra6 Qd7 17. d4 exd4 18. e5 Nh7 19. Nxd4 Nxd4 20. cxd4 Ra8 21. Rxa8 Rd8 22. Rb8 Rxb8 23. f4 Ra8 24. Qh5 f5 25. Rd1 Bb4 26. Be3 Rf8 27. Qg6 Qf7 28. Qxf7+ Rxf7 29. Bd3 c6 30. Rc1 Bd7 31. e6 Bxe6 32. Rxc6 Bd7 33. Rb6 Nf6 34. Bxb5 Be1 35. Rb8+ Kh7 36. Bf2 Bxb5 37. Rxb5 Bd2 38. Ne2 Re7 39. Kf1 Ng4 40. Bg1 Ra7 41. g3 Ra1+ 42. Kg2 Re1 43. Nc3 Bxc3 44. bxc3 Nf6 45. Rc5 Rc1 46. h3 h5 47. Bf2 Rc2 48. Kf3 Ne4 49. Be1 Nxc5 50. dxc5 Ra2 51. Ke3 Ra4 52. Kd3 Rc4 53. Bf2 Kg8 54. Bd4 Kf7 55. Ke3 g6 56. Kf3 Ke6 57. g4 fxg4+ 58. hxg4 h4 1-0

[Event "Helmond Rapid op"]
[Site "Helmond"]
[Date "2025.05.03"]
[Round "4"]
[White "Dgebuadze, Alexandre"]
[Black "Labruyere, Roger"]
[Result "1-0"]
[WhiteElo "2395"]
[BlackElo "2290"]
[PlyCount "65"]
[EventDate "2025.05.03"]
[EventType "swiss (rapid)"]
[EventRounds "9"]
[EventCountry "NED"]
[SourceTitle "CB19_2025"]
[SourceDate "2025.05.07"]
[SourceVersion "1"]
[SourceVersionDate "2025.05.07"]
[SourceQuality "1"]

1. e4 c5 2. Nf3 d6 3. d4 cxd4 4. Qxd4 Nc6 5. Bb5 Bd7 6. Bxc6 bxc6 7. 0-0 e5 8. Qd3 Be7 9. b3 Qc7 10. c4 Nf6 11. Ba3 0-0 12. Nxe5 Rfe8 13. Nxd7 Nxd7 14. Nc3 Ne5 15. Qg3 Qa5 16. Bb2 Rab8 17. Rab1 Bf6 18. Na4 h5 19. Bc3 Qa6 20. f4 h4 21. Qh3 Nxc4 22. Bxf6 gxf6 23. Rbd1 Nb6 24. Nc3 Qa5 25. Qg4+ Kf8 26. Rf3 d5 27. e5 Qc5+ 28. Kh1 fxe5 29. fxe5 Qe7 30. Rdf1 Rb7 31. Qh5 Kg7 32. Rf5 Qe6 33. Rf6 1-0

[Event "Helmond Rapid op"]
[Site "Helmond"]
[Date "2025.05.03"]
[Round "8"]
[White "Fridman, Daniel"]
[Black "Labruyere, Roger"]
[Result "1-0"]
[WhiteElo "2584"]
[BlackElo "2290"]
[PlyCount "71"]
[EventDate "2025.05.03"]
[EventType "swiss (rapid)"]
[EventRounds "9"]
[EventCountry "NED"]
[SourceTitle "CB19_2025"]
[SourceDate "2025.05.07"]
[SourceVersion "1"]
[SourceVersionDate "2025.05.07"]
[SourceQuality "1"]

1. Nf3 d5 2. g3 Nf6 3. Bg2 e6 4. d4 Be7 5. c4 0-0 6. Qc2 dxc4 7. Qxc4 b6 8. Bf4 Nd5 9. Nc3 Ba6 10. Qb3 Nxf4 11. gxf4 Bb7 12. Rd1 Nd7 13. Qc2 Qc8 14. 0-0 c5 15. d5 Nf6 16. d6 Bd8 17. e4 Nd7 18. e5 f6 19. Ne4 fxe5 20. fxe5 Rf5 21. Rd2 Nxe5 22. Nxe5 Rxe5 23. f4 Rd5 24. Ng5 Rxg5 25. fxg5 Bxg5 26. Rd3 Rb8 27. d7 Qd8 28. Bxb7 Rxb7 29. Qg2 Rb8 30. Qc6 h6 31. Qxe6+ Kh8 32. Re1 Qc7 33. Qf7 Bf6 34. Re8+ Kh7 35. Rxb8 Qxb8 36. Qxf6 1-0

[Event "Helmond Rapid op"]
[Site "Helmond"]
[Date "2025.05.03"]
[Round "5"]
[White "Labruyere, Roger"]
[Black "Bach Pareja, Raimon"]
[Result "1-0"]
[WhiteElo "2290"]
[BlackElo "1962"]
[PlyCount "63"]
[EventDate "2025.05.03"]
[EventType "swiss (rapid)"]
[EventRounds "9"]
[EventCountry "NED"]
[SourceTitle "CB19_2025"]
[SourceDate "2025.05.07"]
[SourceVersion "1"]
[SourceVersionDate "2025.05.07"]
[SourceQuality "1"]

1. e4 Nf6 2. e5 Nd5 3. d4 d6 4. Nf3 dxe5 5. Nxe5 c6 6. c4 Nb4 7. Be3 Bf5 8. Na3 Nd7 9. Nxd7 Qxd7 10. Be2 e5 11. dxe5 Nd3+ 12. Bxd3 Bxd3 13. Qb3 0-0-0 14. 0-0-0 Qf5 15. Nc2 c5 16. Ne1 Be4 17. Rxd8+ Kxd8 18. f3 Bc6 19. Nd3 b6 20. Rd1 Kc7 21. Qc3 g5 22. e6 Rg8 23. exf7 Qxf7 24. Qa3 Qxc4+ 25. Kb1 Kb7 26. Ne5 Qe2 27. Qb3 c4 28. Nxc4 Rg6 29. Bxb6 Bg7 30. Bxa7+ Kxa7 31. Qb6+ Ka8 32. Rd8# 1-0

[Event "Helmond Rapid op"]
[Site "Helmond"]
[Date "2025.05.03"]
[Round "1"]
[White "Labruyere, Roger"]
[Black "Kulikova, Polina"]
[Result "1-0"]
[WhiteElo "2290"]
[BlackElo "1784"]
[PlyCount "111"]
[EventDate "2025.05.03"]
[EventType "swiss (rapid)"]
[EventRounds "9"]
[EventCountry "NED"]
[SourceTitle "CB19_2025"]
[SourceDate "2025.05.07"]
[SourceVersion "1"]
[SourceVersionDate "2025.05.07"]
[SourceQuality "1"]

1. e4 c6 2. d4 d5 3. e5 Bf5 4. h4 h5 5. Bd3 Bxd3 6. Qxd3 e6 7. Nf3 Qa5+ 8. Nbd2 Nh6 9. 0-0 Nf5 10. Nb3 Qa6 11. Qc3 Nd7 12. a4 Qb6 13. a5 Qc7 14. Bg5 c5 15. dxc5 Nxc5 16. Nbd4 Nxd4 17. Nxd4 Qxe5 18. Rfe1 Qd6 19. Nf5 Qd7 20. Nxg7+ Bxg7 21. Qxg7 Rf8 22. f3 Rc8 23. Bh6 Qe7 24. Qxf8+ Qxf8 25. Bxf8 Kxf8 26. Re5 Nd7 27. Rxh5 Rxc2 28. a6 Rxb2 29. Rh8+ Ke7 30. axb7 Rxb7 31. h5 Nf6 32. h6 d4 33. h7 Nxh7 34. Rxh7 d3 35. Rd1 Rd7 36. Kf2 Kf6 37. Ke3 a5 38. Rxd3 Rxd3+ 39. Kxd3 Kg6 40. Rh4 f5 41. Ra4 Kg5 42. g3 e5 43. Rxa5 Kf6 44. f4 exf4 45. gxf4 Kg6 46. Kd4 Kf6 47. Ra6+ Ke7 48. Ke5 Kd7 49. Kxf5 Ke7 50. Ke5 Kd7 51. f5 Ke7 52. f6+ Kf7 53. Kf5 Kf8 54. Kg6 Ke8 55. Rd6 Kf8 56. Rd8# 1-0

[Event "NED-ch U18 op"]
[Site "Helmond"]
[Date "2025.05.02"]
[Round "7"]
[White "Labruyere, Roger"]
[Black "Smeets, Kobe"]
[Result "0-1"]
[WhiteElo "2336"]
[BlackElo "2383"]
[PlyCount "88"]
[EventDate "2025.04.26"]
[EventType "swiss"]
[EventRounds "7"]
[EventCountry "NED"]
[SourceTitle "CB20_2025"]
[SourceDate "2025.05.14"]
[SourceVersion "1"]
[SourceVersionDate "2025.05.14"]
[SourceQuality "1"]

1. e4 e5 2. Nf3 Nc6 3. Bb5 a6 4. Ba4 Nf6 5. 0-0 d6 6. Re1 Bd7 7. c3 g6 8. d4 Bg7 9. Nbd2 0-0 10. d5 Ne7 11. Bc2 h6 12. Nf1 Nh7 13. Ng3 Qe8 14. h3 f5 15. exf5 gxf5 16. Nh2 Kh8 17. f4 Qg6 18. Nhf1 Rg8 19. c4 Bf6 20. a4 Rg7 21. Re2 Rag8 22. Rf2 Bh4 23. Ra3 Nf6 24. fxe5 dxe5 25. d6 cxd6 26. Qxd6 Nc6 27. Qd2 Nd4 28. Kh1 Nxc2 29. Qxc2 f4 30. Qxg6 Rxg6 31. Bxf4 exf4 32. Rxf4 Bxg3 33. Nxg3 Rxg3 34. Rxg3 Rxg3 35. Rxf6 Bc6 36. Rxh6+ Kg7 37. Re6 Rxh3+ 38. Kg1 Rb3 39. Re2 Bxa4 40. Kf2 Bc6 41. Rc2 Kf6 42. Ke1 Rg3 43. Kf1 Ke5 44. Rd2 Rxg2 0-1

[Event "NED-ch U18 op"]
[Site "Helmond"]
[Date "2025.05.01"]
[Round "6"]
[White "Ten Dam, Bram"]
[Black "Labruyere, Roger"]
[Result "0-1"]
[WhiteElo "2116"]
[BlackElo "2336"]
[PlyCount "104"]
[EventDate "2025.04.26"]
[EventType "swiss"]
[EventRounds "7"]
[EventCountry "NED"]
[SourceTitle "CB20_2025"]
[SourceDate "2025.05.14"]
[SourceVersion "1"]
[SourceVersionDate "2025.05.14"]
[SourceQuality "1"]

1. e4 c5 2. Nf3 d6 3. d4 cxd4 4. Nxd4 Nf6 5. Nc3 a6 6. Qd3 Nc6 7. Be2 e6 8. 0-0 Be7 9. Be3 0-0 10. f4 Qc7 11. Bf3 Rd8 12. Rad1 Bd7 13. a4 Rac8 14. Nxc6 Bxc6 15. Bd4 d5 16. e5 Ne4 17. Qe3 Nxc3 18. bxc3 Bxa4 19. f5 exf5 20. e6 Be8 21. c4 f4 22. Qe2 dxc4 23. exf7+ Bxf7 24. Kh1 Bf8 25. Bg4 Re8 26. Qf2 Be6 27. Bh5 g6 28. Bf3 b5 29. Ra1 Bc5 30. Rxa6 Bxd4 31. Qxd4 Rcd8 32. Qa1 Bd5 33. Bxd5+ Rxd5 34. h3 Rde5 35. Ra7 Qc5 36. Kh2 R5e7 37. Rxe7 Qxe7 38. Rf3 Qe5 39. Qa6 g5 40. Qc6 Re6 41. Qc8+ Kg7 42. Qb7+ Re7 43. Qc6 h5 44. Qc8 Rf7 45. Kg1 Qf5 46. Qd8 g4 47. hxg4 hxg4 48. Qd4+ Kh7 49. Rf2 g3 50. Rf1 Qxc2 51. Qd8 Qf5 52. Qh4+ Kg7 0-1

[Event "NED-ch U18 op"]
[Site "Helmond"]
[Date "2025.04.27"]
[Round "2"]
[White "Ritzerveld, Noah"]
[Black "Labruyere, Roger"]
[Result "1/2-1/2"]
[WhiteElo "2241"]
[BlackElo "2336"]
[PlyCount "85"]
[EventDate "2025.04.26"]
[EventType "swiss"]
[EventRounds "7"]
[EventCountry "NED"]
[SourceTitle "CB20_2025"]
[SourceDate "2025.05.14"]
[SourceVersion "1"]
[SourceVersionDate "2025.05.14"]
[SourceQuality "1"]

1. e4 c5 2. Nf3 d6 3. d4 cxd4 4. Nxd4 Nf6 5. Nc3 a6 6. f3 e5 7. Nb3 Be6 8. Be3 Be7 9. Qd2 h5 10. Be2 Nbd7 11. Nd5 Bxd5 12. exd5 Qc7 13. Rc1 0-0 14. c4 a5 15. Na1 a4 16. Nc2 Bd8 17. Na3 Qa5 18. Nb5 Ne8 19. Qxa5 Bxa5+ 20. Kf2 f5 21. g3 g6 22. Rhd1 Bb4 23. f4 a3 24. bxa3 Bxa3 25. Rc2 Rf7 26. fxe5 Nxe5 27. Kg2 Nf6 28. Bd4 Nfd7 29. Rb1 f4 30. gxf4 Rxf4 31. Nc7 Rb8 32. Ne6 Re4 33. Ba7 Rc8 34. Rxb7 Bc5 35. a4 Bxa7 36. Rxa7 Nf6 37. Rc7 Rxc7 38. Nxc7 Nfg4 39. Bxg4 Rxg4+ 40. Kf2 Rh4 41. Kg3 Rg4+ 42. Kf2 Rh4 43. Kg3 1/2-1/2

[Event "Delft OGD Rapid op 24th"]
[Site "Delft"]
[Date "2025.03.15"]
[Round "3"]
[White "Labruyere, Roger"]
[Black "De Winter, Arthur"]
[Result "1/2-1/2"]
[WhiteElo "2340"]
[BlackElo "2448"]
[PlyCount "86"]
[EventDate "2025.03.15"]
[EventType "swiss (rapid)"]
[EventRounds "7"]
[EventCountry "NED"]
[SourceTitle "CB12_2025"]
[SourceDate "2025.03.19"]
[SourceVersion "1"]
[SourceVersionDate "2025.03.19"]
[SourceQuality "1"]

1. d4 d5 2. Nf3 Nf6 3. Bf4 c5 4. e3 e6 5. c3 Bd6 6. Bxd6 Qxd6 7. Nbd2 Nbd7 8. Bd3 0-0 9. 0-0 e5 10. dxe5 Nxe5 11. Nxe5 Qxe5 12. Nf3 Qc7 13. c4 Be6 14. Qc2 h6 15. Rac1 Rad8 16. Bf5 Bxf5 17. Qxf5 b6 18. b3 Rd6 19. cxd5 Rxd5 20. Qc2 Qe7 21. Rcd1 Rfd8 22. Rxd5 Rxd5 23. Rd1 Qe4 24. Qe2 Rxd1+ 25. Qxd1 Nd5 26. h3 Nc3 27. Qd8+ Kh7 28. Qd7 Qd5 29. Qxa7 b5 30. a4 bxa4 31. bxa4 c4 32. Nd4 Ne4 33. a5 c3 34. a6 Qa2 35. Qd7 Qxf2+ 36. Kh2 Qg3+ 37. Kh1 Qe1+ 38. Kh2 Qg3+ 39. Kh1 Qf2 40. a7 Ng3+ 41. Kh2 Nf1+ 42. Kh1 Ng3+ 43. Kh2 Nf1+ 1/2-1/2

[Event "Delft OGD Rapid op 24th"]
[Site "Delft"]
[Date "2025.03.15"]
[Round "2"]
[White "Van den Doel, Erik"]
[Black "Labruyere, Roger"]
[Result "0-1"]
[WhiteElo "2561"]
[BlackElo "2340"]
[PlyCount "72"]
[EventDate "2025.03.15"]
[EventType "swiss (rapid)"]
[EventRounds "7"]
[EventCountry "NED"]
[SourceTitle "CB12_2025"]
[SourceDate "2025.03.19"]
[SourceVersion "1"]
[SourceVersionDate "2025.03.19"]
[SourceQuality "1"]

1. e4 c5 2. Nf3 d6 3. c3 Nf6 4. h3 Nc6 5. Bd3 g6 6. 0-0 Bg7 7. Bc2 e5 8. d3 0-0 9. a3 h6 10. b4 Be6 11. Re1 a6 12. Be3 cxb4 13. axb4 d5 14. Qc1 Kh7 15. Qb2 Nh5 16. b5 axb5 17. Rxa8 Qxa8 18. Qxb5 Rd8 19. Bb3 Nf6 20. Bb6 Rd7 21. Nbd2 Qa3 22. Qa4 Qb2 23. Qa1 Qxa1 24. Rxa1 dxe4 25. Bxe6 Rxd3 26. Bxf7 exf3 27. Nxf3 Rxc3 28. Nh4 Ne7 29. Bd8 g5 30. Bxe7 gxh4 31. Re1 Rc7 32. Rxe5 Rc1+ 33. Kh2 Ng4+ 34. hxg4 Bxe5+ 35. g3 hxg3+ 36. fxg3 Rc7 0-1

[Event "Groningen op 60th"]
[Site "Groningen"]
[Date "2024.12.28"]
[Round "7"]
[White "Labruyere, Roger"]
[Black "Duijker, Rick"]
[Result "1-0"]
[WhiteElo "2344"]
[BlackElo "2146"]
[PlyCount "82"]
[EventDate "2024.12.21"]
[EventType "swiss"]
[EventRounds "9"]
[EventCountry "NED"]
[SourceTitle "CB02_2025"]
[SourceDate "2025.01.08"]
[SourceVersion "1"]
[SourceVersionDate "2025.01.08"]
[SourceQuality "1"]

1. e4 e6 2. d4 d5 3. Nc3 Bb4 4. e5 c5 5. a3 Bxc3+ 6. bxc3 Ne7 7. Qg4 0-0 8. Bd3 Nbc6 9. h4 c4 10. Bh6 Ng6 11. Bxg6 fxg6 12. Be3 Qe8 13. h5 gxh5 14. Rxh5 Ne7 15. Ne2 Rf5 16. Rh3 Qg6 17. Qxg6 Nxg6 18. Kd2 Bd7 19. Rah1 h6 20. Ng3 Rff8 21. Nh5 Be8 22. Nxg7 Kxg7 23. Bxh6+ Kg8 24. Bxf8 Nxf8 25. Rh8+ Kg7 26. f4 Bg6 27. g4 Re8 28. R8h2 Nh7 29. Rf2 Rf8 30. Rhf1 Be4 31. Ke3 Kg6 32. Rb1 Rf7 33. a4 Nf8 34. f5+ exf5 35. gxf5+ Rxf5 36. Rxf5 Bxf5 37. Rxb7 Bxc2 38. Rxa7 Ne6 39. a5 Ba4 40. Re7 Ng7 41. Rb7 Nf5+ 1-0

[Event "Groningen op 60th"]
[Site "Groningen"]
[Date "2024.12.26"]
[Round "5"]
[White "Labruyere, Roger"]
[Black "Noordenbos, Daan"]
[Result "1-0"]
[WhiteElo "2344"]
[BlackElo "2130"]
[PlyCount "55"]
[EventDate "2024.12.21"]
[EventType "swiss"]
[EventRounds "9"]
[EventCountry "NED"]
[SourceTitle "CB02_2025"]
[SourceDate "2025.01.08"]
[SourceVersion "1"]
[SourceVersionDate "2025.01.08"]
[SourceQuality "1"]

1. e4 e5 2. Nf3 Nc6 3. Bb5 a6 4. Ba4 Nf6 5. 0-0 Be7 6. Re1 b5 7. Bb3 d6 8. c3 Na5 9. Bc2 c5 10. d4 Qc7 11. Nbd2 0-0 12. Nf1 cxd4 13. cxd4 Bg4 14. Ne3 Bxf3 15. Qxf3 exd4 16. Nf5 Rfe8 17. Qg3 Bf8 18. Bg5 Nh5 19. Qd3 g6 20. Bd1 f6 21. Bh4 Nf4 22. Qd2 Ne6 23. Nxd4 Nc4 24. Nxe6 Rxe6 25. Qd5 Rae8 26. Bg4 f5 27. exf5 Qc6 28. Bf3 1-0

[Event "Hoogeveen op 27th"]
[Site "Hoogeveen"]
[Date "2024.10.30"]
[Round "5"]
[White "Labruyere, Roger"]
[Black "Mamatov, Melis"]
[Result "1-0"]
[WhiteElo "2286"]
[BlackElo "2358"]
[PlyCount "132"]
[EventDate "2024.10.26"]
[EventType "swiss"]
[EventRounds "9"]
[EventCountry "NED"]
[SourceTitle "CB45_2024"]
[Source "ChessBase"]
[SourceDate "2024.11.06"]
[SourceVersion "1"]
[SourceVersionDate "2024.11.06"]
[SourceQuality "1"]

1. e4 e5 2. Nf3 Nc6 3. Nc3 Nf6 4. Bb5 Bd6 5. d3 h6 6. 0-0 0-0 7. a3 Re8 8. h3 Bf8 9. Re1 a6 10. Ba4 d6 11. Nd5 Be6 12. c4 Rb8 13. Qc2 Nd7 14. b4 Ne7 15. Bb2 b5 16. Bb3 c5 17. cxb5 Bxd5 18. exd5 axb5 19. bxc5 Nxc5 20. d4 Nxb3 21. Qxb3 exd4 22. Nxd4 Qd7 23. Rac1 Rec8 24. Rxc8 Qxc8 25. Rc1 Qb7 26. Nc6 Ra8 27. Rc3 Ng6 28. Re3 Qa6 29. Re4 Rc8 30. h4 Rc7 31. Qg3 Qc8 32. h5 Qf5 33. Qg4 Qxg4 34. Rxg4 Ne7 35. Nxe7+ Rxe7 36. Rb4 g6 37. hxg6 fxg6 38. Rxb5 Bg7 39. Bxg7 Re1+ 40. Kh2 Kxg7 41. Rb7+ Kf6 42. Rd7 Rf1 43. Rxd6+ Ke5 44. Rxg6 Rxf2 45. Rxh6 Kxd5 46. a4 Ra2 47. a5 Ra3 48. a6 Ke5 49. g3 Kf5 50. Kh3 Ra1 51. Kg2 Ra2+ 52. Kf3 Ra3+ 53. Kf2 Kg5 54. Rb6 Kf5 55. Rc6 Ke5 56. g4 Kf4 57. Rg6 Ra2+ 58. Ke1 Ke4 59. Kd1 Kd3 60. Kc1 Kc3 61. Rc6+ Kd4 62. Kb1 Ra5 63. Kb2 Kd5 64. Rg6 Kc4 65. Rf6 Rg5 66. Rf4+ Kd5 1-0

[Event "Hoorn Romero op"]
[Site "Hoorn"]
[Date "2024.09.01"]
[Round "5"]
[White "Romkes, Abel"]
[Black "Labruyere, Roger"]
[Result "0-1"]
[WhiteElo "2078"]
[BlackElo "2189"]
[PlyCount "80"]
[EventDate "2024.08.30"]
[EventType "swiss"]
[EventRounds "6"]
[EventCountry "NED"]
[SourceTitle "EXT 2025"]
[Source "ChessBase"]
[SourceDate "2024.10.14"]
[SourceVersion "1"]
[SourceVersionDate "2024.10.14"]
[SourceQuality "1"]

1. c4 e6 2. Nc3 d5 3. d4 Nf6 4. cxd5 exd5 5. Bg5 c6 6. e3 Be7 7. Bd3 0-0 8. Nf3 Nbd7 9. 0-0 Re8 10. Qc2 Nf8 11. h3 g6 12. Ne5 Ne6 13. f4 c5 14. Qf2 c4 15. Bc2 Ng7 16. g4 a5 17. Qf3 Be6 18. Kh2 Nd7 19. Bxe7 Nxe5 20. dxe5 Qxe7 21. f5 Bd7 22. e6 Bc6 23. Qg3 gxf5 24. gxf5 f6 25. Ne2 Rad8 26. Nd4 Kh8 27. Rg1 Rg8 28. Qf3 Be8 29. Rg2 Qd6+ 30. Qg3 Nxf5 31. Qxd6 Rxg2+ 32. Kxg2 Nxd6 33. Kf3 Bg6 34. Ba4 Kg7 35. Kf4 Kf8 36. Rc1 b5 37. e7+ Kxe7 38. Nc6+ Kd7 39. Nxd8 bxa4 40. Rd1 Be4 0-1

[Event "Dortmund Sparkassen op-A 51st"]
[Site "Dortmund"]
[Date "2024.08.17"]
[Round "8"]
[White "Labruyere, Roger"]
[Black "Diduh, Ihor"]
[Result "1-0"]
[WhiteElo "2189"]
[BlackElo "2058"]
[PlyCount "27"]
[EventDate "2024.08.10"]
[EventType "swiss"]
[EventRounds "9"]
[EventCountry "GER"]
[SourceTitle "CBM 221 Extra"]
[Source "ChessBase"]
[SourceDate "2024.09.30"]
[SourceVersion "1"]
[SourceVersionDate "2024.09.30"]
[SourceQuality "1"]

1. e4 Nc6 2. d4 d5 3. e5 Bf5 4. c3 e6 5. h4 f6 6. Nf3 Bg4 7. Nbd2 fxe5 8. Qa4 Bxf3 9. Nxf3 exd4 10. Nxd4 Qd6 11. Bb5 Be7 12. Bg5 Kf7 13. Bxe7 Ngxe7 14. Rh3 1-0

[Event "Dortmund Sparkassen op-A 51st"]
[Site "Dortmund"]
[Date "2024.08.12"]
[Round "3"]
[White "Oest, Thorsten"]
[Black "Labruyere, Roger"]
[Result "0-1"]
[WhiteElo "1977"]
[BlackElo "2189"]
[PlyCount "132"]
[EventDate "2024.08.10"]
[EventType "swiss"]
[EventRounds "9"]
[EventCountry "GER"]
[SourceTitle "CBM 221 Extra"]
[Source "ChessBase"]
[SourceDate "2024.09.30"]
[SourceVersion "1"]
[SourceVersionDate "2024.09.30"]
[SourceQuality "1"]

1. e4 c5 2. Nc3 d6 3. d4 cxd4 4. Qxd4 Nc6 5. Bb5 Bd7 6. Bxc6 Bxc6 7. Nf3 Nf6 8. Bg5 e6 9. 0-0-0 h6 10. Bh4 Be7 11. Rhe1 Qc7 12. Bxf6 gxf6 13. Nd5 Bxd5 14. exd5 e5 15. Qd3 Qb6 16. Re2 0-0-0 17. Kb1 Kb8 18. Nh4 Rc8 19. Nf5 Bf8 20. g4 Qc7 21. Ng3 Qd7 22. h3 Be7 23. Re3 Rc7 24. Rf3 Rhc8 25. Rd2 Rc4 26. Qh7 Qc7 27. c3 b5 28. Qxh6 b4 29. Rc2 Qb7 30. Qd2 Bd8 31. Ne2 R8c5 32. Rd3 Ba5 33. b3 e4 34. Rd4 bxc3 35. Qf4 Rxd4 36. Qxd6+ Qc7 37. Qxc7+ Kxc7 38. Nxd4 Rxd5 39. Ne2 Rd3 40. Nf4 Kc6 41. Re2 Rd1+ 42. Kc2 Ra1 43. Rxe4 Rxa2+ 44. Kc1 Rxf2 45. Rd4 Kb6 46. Rc4 Kb5 47. Nd5 Rf3 48. Kc2 Rf2+ 49. Kc1 Rh2 50. Nxc3+ Ka6 51. Nd5 Bd2+ 52. Kd1 Bg5 53. Nc7+ Kb7 54. Rc3 Rd2+ 55. Ke1 Rd7 56. Nb5 Bd2+ 57. Kf2 Bxc3 58. Nxc3 Rd3 59. Ne4 Rxh3 60. Kg1 Re3 61. Nd6+ Kc6 62. Nxf7 Rxb3 63. g5 fxg5 64. Nxg5 a5 65. Ne6 Kd5 66. Nf4+ Kc4 0-1

[Event "Dutch op"]
[Site "Velp"]
[Date "2024.08.01"]
[Round "9"]
[White "Van Rootselaar, Rik"]
[Black "Labruyere, Roger"]
[Result "1-0"]
[WhiteElo "2152"]
[BlackElo "2170"]
[PlyCount "121"]
[EventDate "2024.07.23"]
[EventType "swiss"]
[EventRounds "9"]
[EventCountry "NED"]
[SourceTitle "EXT 2025"]
[Source "ChessBase"]
[SourceDate "2024.10.14"]
[SourceVersion "1"]
[SourceVersionDate "2024.10.14"]
[SourceQuality "1"]

1. d4 Nf6 2. c4 e6 3. Nf3 d5 4. g3 dxc4 5. Bg2 a6 6. 0-0 Nc6 7. Nbd2 Nxd4 8. Nxc4 Nxf3+ 9. Bxf3 Qxd1 10. Rxd1 Be7 11. Na5 Nd5 12. e4 Bb4 13. Bd2 Bxd2 14. Rxd2 Ne7 15. Rc1 c6 16. Rcd1 0-0 17. Nxb7 Bxb7 18. Rd7 Ng6 19. Rxb7 Rab8 20. Rxb8 Rxb8 21. b3 Kf8 22. Rd4 a5 23. Ra4 Rb5 24. Kg2 Ke7 25. Be2 Rc5 26. Kf3 h5 27. Ke3 h4 28. Kd2 hxg3 29. hxg3 Ne5 30. a3 Nd7 31. b4 axb4 32. axb4 Re5 33. Bd3 Rh5 34. Ra6 Rh2 35. Ke3 Ne5 36. Be2 g5 37. f4 gxf4+ 38. gxf4 Rh3+ 39. Kd4 Ng6 40. Rxc6 Nxf4 41. Bc4 Rh8 42. b5 Rd8+ 43. Kc5 Ng6 44. b6 Rd7 45. Bb5 Kf6 46. Rc8 Re7 47. Ba6 Ne5 48. b7 Nd7+ 49. Kd6 e5 50. Rd8 Nb8 51. Rxb8 Re6+ 52. Kc5 Rxa6 53. Ra8 Re6 54. b8Q Kg5 55. Qg8+ Kf6 56. Qh8+ Kg5 57. Rg8+ Rg6 58. Qxe5+ Kg4 59. Qf5+ Kg3 60. Qxf7 Rg4 61. Rxg4+ 1-0

[Event "Dutch op"]
[Site "Velp"]
[Date "2024.07.26"]
[Round "4"]
[White "De Boer, Eelke"]
[Black "Labruyere, Roger"]
[Result "1-0"]
[WhiteElo "2384"]
[BlackElo "2170"]
[PlyCount "79"]
[EventDate "2024.07.23"]
[EventType "swiss"]
[EventRounds "9"]
[EventCountry "NED"]
[SourceTitle "EXT 2025"]
[Source "ChessBase"]
[SourceDate "2024.10.14"]
[SourceVersion "1"]
[SourceVersionDate "2024.10.14"]
[SourceQuality "1"]

1. e4 c5 2. Nf3 d6 3. d4 cxd4 4. Nxd4 Nf6 5. Nc3 a6 6. Be3 e5 7. Nb3 Be6 8. Be2 Be7 9. 0-0 0-0 10. Bf3 Nbd7 11. a4 Qc7 12. a5 Rfc8 13. Re1 Bf8 14. h3 b5 15. axb6 Nxb6 16. Na5 Rab8 17. Bg5 Nbd7 18. Bc1 Nc5 19. Nd5 Nxd5 20. exd5 Bd7 21. c3 f5 22. b4 Nb7 23. Nc6 Ra8 24. Qb3 Kh8 25. Be3 e4 26. Be2 Bxc6 27. dxc6 Qxc6 28. Red1 a5 29. Qf7 Re8 30. Bc4 Be7 31. Bd4 Rg8 32. Qxe7 Qxc4 33. Qxb7 Rae8 34. Rxa5 Qe2 35. Rda1 e3 36. fxe3 f4 37. Ra7 Re5 38. exf4 h5 39. fxe5 dxe5 40. Qf3 1-0

[Event "Dutch op"]
[Site "Velp"]
[Date "2024.07.24"]
[Round "2"]
[White "Labruyere, Roger"]
[Black "Beerdsen, Thomas"]
[Result "1/2-1/2"]
[WhiteElo "2170"]
[BlackElo "2510"]
[PlyCount "73"]
[EventDate "2024.07.23"]
[EventType "swiss"]
[EventRounds "9"]
[EventCountry "NED"]
[SourceTitle "EXT 2025"]
[Source "ChessBase"]
[SourceDate "2024.10.14"]
[SourceVersion "1"]
[SourceVersionDate "2024.10.14"]
[SourceQuality "1"]

1. e4 c5 2. Nf3 Nc6 3. d4 cxd4 4. Nxd4 Nf6 5. Nc3 d6 6. Bg5 e6 7. Qd2 a6 8. 0-0-0 Bd7 9. f4 Be7 10. Nf3 h6 11. Bxf6 gxf6 12. f5 Qa5 13. Kb1 0-0-0 14. g3 Kb8 15. fxe6 fxe6 16. Bh3 h5 17. Ne2 Qa4 18. Nfd4 Nxd4 19. Nxd4 e5 20. Bxd7 Rxd7 21. Nf5 Qxe4 22. Nxe7 Rxe7 23. Qxd6+ Rc7 24. Ka1 Qc6 25. c3 h4 26. Rhf1 Qxd6 27. Rxd6 Rc6 28. Rxc6 bxc6 29. Kb1 hxg3 30. hxg3 Rh6 31. Kc2 Kc7 32. Kd3 Rg6 33. Ke4 Rxg3 34. Rxf6 Rg2 35. b4 Re2+ 36. Kd3 Rxa2 37. Re6 1/2-1/2